| 000 | 00536nam a22002057a 4500 | ||
|---|---|---|---|
| 003 | koha_MIRAKIL | ||
| 005 | 20231213095950.0 | ||
| 008 | 231213b |||||||| |||| 00| 0 ||| d | ||
| 020 | _b978-6-05-103029-6 | ||
| 040 |
_aTR-IsEVY _btur _cTR-IsEVY |
||
| 082 | _a901 HOB/T | ||
| 100 | _aHobsbawm, E. J. (Eric J.), 1917- | ||
| 245 | 0 | _aTarih üzerine | |
| 250 | _a3. bs. | ||
| 260 |
_bAgora Kitaplığı, _c2009 |
||
| 300 | _axiii, 364, [4] s. | ||
| 650 | _aHistoriography. | ||
| 650 | _aHistory -- Philosophy. | ||
| 942 |
_2ddc _cBK |
||
| 999 |
_c12330 _d12330 |
||